=LDR 00000nam 2200000 4500 =001 INLIS000000000012550 =005 20130612104047 =008 ***********************************Ind** =035 ##$$0010-061300000012550 =041 ##$$a Ind =082 ##$$a 419.75 =090 ##$$a 419.75, Kak s =100 ##$$a Kakerissa, O =245 ##$$a Struktur bahasa Banda, O. Kakerissa, J. Kasihuw, J. Tamaela =260 ##$$a 1996 $b Jakarta =300 ##$$a 72 hlm., 21 cm =650 ##$$a Bahasa Banda =850 ##$$a NBPNMAT =990 ##$$a 0001/BPAP-NTB/20142014